Communist Political Propaganda and Use of U.S. Mails. hearings before the United States Senate Committee on the Judiciary, Subcommittee To Investigate the Administration of the Internal Security Act and Other Internal Security Laws, Eighty-Sixth Congress, first session, on Mar. 26, 1959. <Part 1> :

Examines entry of Communist propaganda into U.S. via the mail.

Bibliographic Details
Corporate Authors: United States. Congress. Senate. Committee on the Judiciary. Subcommittee to Investigate the Administration of the Internal Security Act and Other Internal Security Laws, ProQuest (Firm)
Format: Government Document eBook
Language:English
Published: Washington : U.S. G.P.O., 1959.
Series:U.S. Congressional Hearings.
Subjects:
Online Access:Connect to the full text of this electronic book

MARC

Tag First Indicator Second Indicator Subfields
LEADER 00000cam a22000001a 4500
001 in00003196321
006 m d f
007 cr bn mmmapmmp
008 090623s1959 dcu o f000 0 eng d
005 20260504202239.2
035 |a cis2007428304 
040 |a UMI  |c UMI  |d UtOrBLW 
043 |a n-us--- 
086 0 |a Y 4.J 89/2:C 73/22 
099 |a HRG-1959-SJS-0006 
110 1 |a United States.  |b Congress.  |b Senate.  |b Committee on the Judiciary.  |b Subcommittee to Investigate the Administration of the Internal Security Act and Other Internal Security Laws. 
245 1 0 |a Communist Political Propaganda and Use of U.S. Mails.  |n <Part 1> :  |b hearings before the United States Senate Committee on the Judiciary, Subcommittee To Investigate the Administration of the Internal Security Act and Other Internal Security Laws, Eighty-Sixth Congress, first session, on Mar. 26, 1959. 
264 1 |a Washington :  |b U.S. G.P.O.,  |c 1959. 
300 |a 1 online resource. 
336 |a text  |b txt  |2 rdacontent 
337 |a computer  |b c  |2 rdamedia 
338 |a online resource  |b cr  |2 rdacarrier 
500 |a Record is based on bibliographic data in ProQuest Congressional Hearings Digital Collection. Reuse except for individual research requires license from ProQuest, LLC. 
520 |a Examines entry of Communist propaganda into U.S. via the mail. 
538 |a System requirements: PDF reader software. 
500 |a Electronic resource. 
650 0 |a Propaganda, Communist  |z United States. 
650 0 |a Postal service  |z United States. 
655 7 |a Electronic books.  |2 local 
710 2 |a ProQuest (Firm) 
776 0 8 |i Print version:  |a United States. Congress. Senate. Committee on the Judiciary. Subcommittee to Investigate the Administration of the Internal Security Act and Other Internal Security Laws.  |t Communist Political Propaganda and Use of U.S. Mails 
776 0 8 |i Microfiche version:  |a United States. Congress. Senate. Committee on the Judiciary. Subcommittee to Investigate the Administration of the Internal Security Act and Other Internal Security Laws.  |t Communist Political Propaganda and Use of U.S. Mails.  |d [Bethesda, Md.] : ProQuest,[2004]  |o CIS Hrgs MF Gp 3--(86) S1320-4  |w (ProQuest)cis10702347 
830 0 |a U.S. Congressional Hearings. 
856 4 0 |u http://proxy.library.tamu.edu/login?url=https://congressional.proquest.com/congcomp/getdoc?HEARING-ID=HRG-1959-SJS-0006  |z Connect to the full text of this electronic book  |t 0 
998 |a cis10702347 
999 |a MARS 
999 f f |s f1df4365-b3d2-3867-9c39-b6b4924e64e8  |i 455a3a74-04cf-3fbf-9269-7e8b891eb51c  |t 0 
952 f f |a Texas A&M University  |b College Station  |c Electronic Resources  |s www_evans  |d Available Online  |t 0  |e HRG-1959-SJS-0006  |h Other scheme 
998 f f |a HRG-1959-SJS-0006  |t 0  |l Available Online